[Event "WSCC 65 Open 2017"]
[Site "?"]
[Date "2017.11.12"]
[Round "6"]
[White "Shevelev, Arkady"]
[Black "Renman, Nils-Gustaf"]
[Result "1-0"]
[WhiteElo "2280"]
[BlackElo "2368"]
[PlyCount "103"]
[EventDate "2017.??.??"]
[EventType "swiss"]
[EventCountry "ITA"]
[SourceTitle "Acqui Terme"]
[TimeControl "40/5400+30:1800+30"]
[WhiteClock "1:01:08"]
[BlackClock "0:05:13"]

1. e4 {[%emt 0:00:00]} e6 {[%emt 0:00:08]} 2. d4 {[%emt 0:00:10]} d5 3. Nd2 {[%emt 0:00:21]} c5 {[%emt 0:00:31]} 4. exd5 {[%emt 0:00:19]} Qxd5 {[%emt 0:00:12]} 5. dxc5 Qxc5 6. Ngf3 {[%emt 0:01:25]} Nf6 {[%emt 0:02:54]} 7. Nb3 {[%emt 0:02:52]} Qc7 {[%emt 0:00:15]} 8. Bd3 {[%emt 0:03:24]} h6 {[%emt 0:12:05]} 9. Qe2 {[%emt 0:02:09]} Nc6 {[%emt 0:01:52]} 10. Nbd4 {[%emt 0:01:34]} Nxd4 {[%emt 0:00:33]} 11. Nxd4 {[%emt 0:00:12]} a6 {[%emt 0:01:14]} 12. Bd2 {[%emt 0:03:19]} Be7 {[%emt 0:05:35]} 13. O-O-O {[%emt 0:00:39]} Bd7 {[%emt 0:01:01]} 14. Kb1 {[%emt 0:02:01]} O-O-O {[%emt 0:05:57]} 15. Nb3 {[%emt 0:00:39]} Bc5 {[%emt 0:08:41]} 16. Bxa6 {[%emt 0:03:29]} Bb6 {[%emt 0:10:13]} 17. Bd3 {[%emt 0:00:35]} Nd5 {[%emt 0:00:40]} 18. c4 {[%emt 0:01:25]} Nf4 {[%emt 0:00:28]} 19. Bxf4 {[%emt 0:00:07]} Qxf4 {[%emt 0:00:03]} 20. c5 {[%emt 0:01:31]} Bc7 {[%emt 0:00:45]} 21. Be4 {[%emt 0:02:45]} f5 {[%emt 0:13:34]} 22. c6 {[%emt 0:00:23]} Qxe4+ {[%emt 0:01:46]} 23. Qxe4 {[%emt 0:00:10]} fxe4 {[%emt 0:00:06]} 24. cxd7+ {[%emt 0:00:04]} Rxd7 {[%emt 0:00:08]} 25. Rxd7 {[%emt 0:00:16]} Kxd7 {[%emt 0:00:07]} 26. Nc5+ {[%emt 0:00:08]} Kc6 {[%emt 0:00:26]} 27. Nxe4 {[%emt 0:00:17]} Rd8 {[%emt 0:03:31]} 28. Rc1+ {[%emt 0:01:42]} Kb6 {[%emt 0:00:14]} 29. h3 {[%emt 0:04:21]} Rd5 {[%emt 0:02:03]} 30. Nc3 {[%emt 0:01:36]} Rd4 {[%emt 0:01:56]} 31. Re1 {[%emt 0:00:19]} e5 {[%emt 0:01:17]} 32. Kc2 {[%emt 0:01:03]} Kc6 {[%emt 0:00:09]} 33. Re4 {[%emt 0:00:41]} Rd7 {[%emt 0:01:34]} 34. Rc4+ {[%emt 0:01:28]} Kb6 {[%emt 0:00:11]} 35. Ne4 {[%emt 0:02:08]} Bd6 {[%emt 0:01:45]} 36. Rc3 {[%emt 0:00:37]} Be7 {[%emt 0:00:21]} 37. Rb3+ {[%emt 0:00:46]} Ka6 {[%emt 0:03:26]} 38. Rd3 {[%emt 0:00:10]} Rc7+ {[%emt 0:00:16]} 39. Kd1 {[%emt 0:00:24]} Rc4 {[%emt 0:01:02]} 40. f3 {[%emt 0:00:22]} Rc6 {[%emt 0:31:09]} 41. Rd5 {[%emt 0:30:38]} Bf6 {[%emt 0:03:06]} 42. b3 {[%emt 0:00:26]} Kb6 {[%emt 0:01:13]} 43. Rd6 {[%emt 0:00:28]} Be7 {[%emt 0:00:41]} 44. Rxc6+ {[%emt 0:00:32]} Kxc6 {[%emt 0:00:09]} 45. Kc2 {[%emt 0:00:21]} Ba3 {[%emt 0:07:01]} 46. Kd3 {[%emt 0:02:24]} b5 {[%emt 0:00:21]} 47. Nc3 {[%emt 0:00:30]} Kc5 {[%emt 0:01:22]} 48. Ke4 {[%emt 0:01:29]} g6 {[%emt 0:04:02]} 49. Nd5 {[%emt 0:00:30]} Kd6 {[%emt 0:00:15]} 50. g4 {[%emt 0:01:08]} Bb2 {[%emt 0:04:06]} 51. a4 {[%emt 0:00:26]} bxa4 {[%emt 0:00:23]} 52. bxa4 {[%emt 0:00:09]} 1-0

[Event "WSCC 65 Open 2017"]
[Site "?"]
[Date "2017.11.12"]
[Round "6"]
[White "Kierzek, Matthias"]
[Black "Torre, Eugenio"]
[Result "0-1"]
[WhiteElo "2252"]
[BlackElo "2465"]
[Annotator "TA"]
[PlyCount "108"]
[EventDate "2017.??.??"]
[EventType "swiss"]
[EventCountry "ITA"]
[SourceTitle "Acqui Terme"]

{[%evp 15,108,20,36,26,24,25,35,18,19,13,16,9,32,22,22,16,11,4,11,16,33,29,40,14,20,10,15,13,86,116,149,143,139,139,141,114,139,66,94,25,30,31,22,16,18,16,19,20,27,27,21,5,12,2,25,12,25,18,40,0,0,0,0,0,0,0,0,-9,0,-8,0,0,0,0,0,-291,-419,-419,-419,-419,-347,-419,-332,-319,-278,-263,-238,-29971,-29972,-29972,-29963,-29959,-6751,-4133,-2717]} 1. d4 Nf6 2. c4 e6 3. Nf3 Bb4+ 4. Bd2 c5 5. Bxb4 cxb4 6. a3 bxa3 7. Nxa3 O-O {E11: Bogo-Indian} 8. e3 b6 {LiveBook: 6 Games} (8... Nc6 9. Be2 b6 10. Nc2 Bb7 11. b4 a5 12. bxa5 Nxa5 13. Na3 Ne4 14. Nb5 Ng5 15. Nd6 Nxf3+ 16. gxf3 {½-½ (41) Postny,E (2569)-Najer,E (2699) Antalya 2017}) 9. Be2 Bb7 {White has an edge.} 10. O-O a5 11. Rc1 $146 ({Predecessor:} 11. Qb3 Na6 12. c5 Nb4 13. cxb6 Bd5 14. Nc4 Bxc4 15. Qxc4 Qxb6 16. Rfc1 {½-½ (16) Mirzoev,A (2415)-Kunte,A (2528) Barcelona 2011}) 11... Na6 12. Nd2 Qe7 13. Bf3 Bxf3 14. Nxf3 Rfc8 15. Ne5 Nb4 16. Nb5 Ne8 17. Qe2 Nc7 18. Nc3 d5 19. cxd5 Ncxd5 20. Nxd5 exd5 21. Qb5 Qa7 (21... f6 $11 {remains equal.} 22. Qd7 Re8 23. Qxe7 Rxe7) 22. Rc3 $16 Rd8 23. Rfc1 Qa6 24. Qxa6 Nxa6 25. Rc6 Rab8 26. g3 (26. Nd7 $16 Rxd7 27. Rxb6 $1 {[%mdl 512]}) 26... Kf8 27. R1c3 (27. R6c2 $16) 27... f6 $1 $11 {[%cal Rf6e5]} 28. Nd3 Ke7 29. Nf4 {Hoping for Re6+.} Rd6 30. Kf1 g6 31. Ke2 (31. Rc1 {with more complications.} Nb4 32. R6c3 Rd7 33. g4 Re8 34. Rc7) 31... Kd7 32. Rxd6+ Kxd6 {[%mdl 4096] Endgame KRN-KRN} 33. Kd2 Nb4 34. h4 Rg8 35. Rc1 h6 36. Ne2 Kd7 37. Nf4 g5 38. hxg5 hxg5 39. Nd3 Nxd3 40. Kxd3 {KR-KR} Rh8 41. Rc2 f5 42. Rc1 g4 43. Kd2 a4 {[%cal Ba5a4,Ba4a3,Ba3a2][%mdl 32]} 44. Ra1 Ra8 45. b3 $2 {[%mdl 8192]} (45. Rh1 $11) 45... a3 $19 46. Kc3 Kc6 $1 47. Kb4 a2 {White must now prevent ...Ra5.} 48. Rc1+ Kb7 49. Ra1 Ra7 50. Kc3 {With the idea Kb2.} Kc6 {Threatens to win with ...Kb5.} 51. Kb4 $2 (51. Kb2 $19 Kb5 52. Rxa2 Rxa2+ 53. Kxa2) 51... Ra5 $1 {[%cal Ra5a8]} 52. Rc1+ {[#]} Kb7 $1 53. Ra1 {[#]} Ka6 $1 {[%cal Ra6b7]} 54. Kc3 Kb5 {Precision: White = 50%, Black = 63%.} 0-1

[Event "WSCC 65 Open 2017"]
[Site "?"]
[Date "2017.11.12"]
[Round "6"]
[White "Gutkin, Boris"]
[Black "Balashov, Yuri S"]
[Result "0-1"]
[WhiteElo "2250"]
[BlackElo "2437"]
[Annotator "TA"]
[PlyCount "79"]
[EventDate "2017.??.??"]
[EventType "swiss"]
[EventCountry "ITA"]
[SourceTitle "Acqui Terme"]

{[%evp 22,79,3,0,0,-7,-21,-39,-44,-24,-29,-50,-46,-62,-53,-63,-66,-76,-73,-73,-67,-83,-58,-73,-51,-238,-226,-305,-318,-341,-329,-316,-303,-297,-200,-200,-47,-46,8,0,0,0,0,0,0,0,14,16,26,0,0,-15,-12,-33,-22,-341,-335,-322,-325,-422]} 1. Nf3 d5 2. d4 Nf6 3. c4 e6 4. e3 Be7 5. Bd3 O-O 6. O-O Nbd7 7. Nbd2 c5 8. b3 cxd4 9. exd4 b6 10. Bb2 Bb7 11. Qe2 Rc8 {D30: Damengambit (ohne Sc3)} (11... Re8 12. Ne5 dxc4 13. bxc4 Nxe5 14. dxe5 Nd7 15. Rad1 Qc7 16. f4 Nc5 17. Bc2 g6 18. Nf3 Bxf3 19. Qxf3 {½-½ (70) Adhiban,B (2666)-Wojtaszek,R (2749) Doha 2016}) 12. Rad1 {LiveBook: 4 Partien} Qc7 13. Ne5 dxc4 {Die Stellung ist ausgeglichen.} 14. Ndxc4 Nd5 15. f4 g6 16. Nxd7 $146 ({Vorgänger:} 16. Rc1 Nxe5 17. fxe5 Bg5 18. Rce1 {½-½ (46) Buchnicek,P (2320)-Smolen,J (2306) Brno 2004}) 16... Qxd7 17. a4 Qc7 18. Qf2 Nb4 19. Bb1 Bd5 20. Rc1 Qb7 21. Rfe1 Rc7 22. g4 Qc8 {[%cal Rd5c4]} 23. f5 $2 (23. Qe2 $1 $15) 23... Qd8 $19 (23... Bxc4 24. Rxc4 Rxc4 25. bxc4 $15) 24. Rf1 {Droht stark f6.} Bh4 25. Qe2 exf5 26. Ne5 {Weiss hofft, mit Txc7 fortzusetzen.} Rxc1 (26... Bxb3 27. Rxc7 Qxc7 28. gxf5 $17) 27. Bxc1 Nc6 (27... Bxb3 28. Qb2 $17) 28. gxf5 {[#]} Nxd4 $2 (28... Bf6 $1 $19 29. Qe3 Re8) 29. Qg4 $15 f6 ({Lieber nicht} 29... Bxb3 30. fxg6 fxg6 31. Rxf8+ Qxf8 32. Qxd4 $16) (29... Be7 $15 30. Be3 (30. fxg6 fxg6 31. Rxf8+ Qxf8 $17) 30... Bc5 31. Bxd4 h5) 30. Nxg6 {[#]} Nf3+ $1 {[%mdl 512]} 31. Rxf3 Bxf3 $40 {[%cal Rd8d1][%mdl 128] Schwarz hat einigen Angriff.} 32. Qc4+ Rf7 {( -> ...Dd1+)} 33. Nxh4 Bd5 34. Qd4 Rd7 ({Bitte nicht} 34... Rg7+ $6 35. Kf2 $16) 35. Bh6 Bxb3 36. Qg4+ Kh8 37. Be4 Qg8 38. Ng6+ $2 {[%mdl 8192]} (38. Qxg8+ $11 {und Weiss muss sich keine Sorgen machen.} Kxg8 39. Kf2) 38... hxg6 $19 39. fxg6 {[#]} Qe6 $1 {[%cal Re6g4]} ({Schwächer ist} 39... Rd1+ 40. Kf2 $17) 40. Qf3 {Precision: Weiß = 29%, Schwarz = 57%.} 0-1

[Event "WSCC 65 Open 2017"]
[Site "?"]
[Date "2017.11.12"]
[Round "6"]
[White "Malisov, Boris"]
[Black "Pushkov, Nikolai"]
[Result "1/2-1/2"]
[WhiteElo "2240"]
[BlackElo "2304"]
[PlyCount "103"]
[EventDate "2017.??.??"]
[EventType "swiss"]
[EventCountry "ITA"]
[SourceTitle "Acqui Terme"]
[TimeControl "40/5400+30:1800+30"]

1. e4 e6 2. d3 d5 3. Nd2 c5 4. g3 g6 5. Bg2 Bg7 6. Nh3 Ne7 7. O-O Nbc6 8. f4 O-O 9. g4 f5 10. gxf5 exf5 11. e5 Kh8 12. c3 a5 13. a4 Be6 14. Nf3 Qd7 15. Bd2 Rab8 16. Nhg5 h6 17. Nxe6 Qxe6 18. d4 cxd4 19. cxd4 b5 20. axb5 Rxb5 21. Bc3 Rfb8 22. Rf2 Bf8 23. Bf1 R5b6 24. Rg2 Qf7 25. Bd3 Nb4 26. Rxa5 Nxd3 27. Qxd3 Nc6 28. Ra1 Be7 29. h4 Nd8 30. Kf2 Ne6 31. Ke3 Kh7 32. Ra7 R8b7 33. Rxb7 Rxb7 34. Qa6 Bd8 35. Qc6 Qd7 36. Qxd7+ Rxd7 37. Rg1 Ra7 38. Rc1 Ra4 39. b3 Ra3 40. Rb1 Kg7 41. Bd2 Kf7 42. Kd3 Bb6 43. Be3 Ba5 44. Kc2 Bb4 45. Kb2 Ra6 46. Rh1 Ng7 47. Rh2 Rc6 48. Rc2 Rxc2+ 49. Kxc2 Ne6 50. Kd3 Ke7 51. Bc1 Kd7 52. Ke3 1/2-1/2

[Event "WSCC 65 Open 2017"]
[Site "?"]
[Date "2017.11.12"]
[Round "6"]
[White "Privara, Igor"]
[Black "Komljenovic, Davorin"]
[Result "0-1"]
[WhiteElo "2184"]
[BlackElo "2379"]
[PlyCount "82"]
[EventDate "2017.??.??"]
[EventType "swiss"]
[EventCountry "ITA"]
[SourceTitle "Acqui Terme"]
[TimeControl "40/5400+30:1800+30"]
[WhiteClock "0:02:30"]
[BlackClock "0:03:04"]

1. e4 c5 {[%emt 0:00:05]} 2. c3 {[%emt 0:00:13]} Nf6 {[%emt 0:00:06]} 3. e5 {[%emt 0:00:03]} Nd5 4. Nf3 {[%emt 0:00:37]} Nc6 {[%emt 0:00:20]} 5. Bc4 {[%emt 0:00:10]} Nb6 {[%emt 0:00:11]} 6. Bb3 {[%emt 0:00:06]} c4 {[%emt 0:00:56]} 7. Bc2 g6 {[%emt 0:26:39]} 8. Qe2 {[%emt 0:05:08]} Bg7 {[%emt 0:01:58]} 9. Na3 {[%emt 0:03:19]} O-O {[%emt 0:00:40]} 10. O-O {[%emt 0:02:46]} d5 {[%emt 0:05:10]} 11. exd6 {[%emt 0:02:36]} exd6 {[%emt 0:00:05]} 12. Nxc4 {[%emt 0:06:32]} Re8 {[%emt 0:00:51]} 13. Ne3 {[%emt 0:02:13]} f5 {[%emt 0:02:11]} 14. Bb3+ {[%emt 0:13:38]} Kh8 {[%emt 0:00:05]} 15. Qd1 {[%emt 0:04:32]} f4 {[%emt 0:02:26]} 16. Nd5 {[%emt 0:01:23]} Nxd5 {[%emt 0:21:48]} 17. Bxd5 {[%emt 0:00:53]} g5 {[%emt 0:00:19]} 18. Re1 {[%emt 0:04:07]} Rxe1+ {[%emt 0:00:21]} 19. Qxe1 {[%emt 0:03:58]} Bd7 {[%emt 0:00:48]} 20. h3 {[%emt 0:03:19]} Qf6 {[%emt 0:00:36]} 21. d4 {[%emt 0:02:39]} h5 {[%emt 0:01:11]} 22. Nh2 {[%emt 0:01:36]} g4 {[%emt 0:00:40]} 23. hxg4 {[%emt 0:07:23]} hxg4 {[%emt 0:00:04]} 24. Qd1 {[%emt 0:00:29]} Qf5 {[%emt 0:01:49]} 25. Bb3 {[%emt 0:01:23]} Rf8 {[%emt 0:03:18]} 26. Nf1 {[%emt 0:07:09]} Rf6 {[%emt 0:02:04]} 27. Bc2 {[%emt 0:03:47]} Qh5 {[%emt 0:00:04]} 28. Nh2 {[%emt 0:01:48]} Ne7 {[%emt 0:14:00]} 29. c4 {[%emt 0:09:36]} Bh6 {[%emt 0:05:56]} 30. d5 {[%emt 0:05:40]} Bg7 {[%emt 0:02:22]} 31. Bd2 {[%emt 0:02:01]} b6 {[%emt 0:04:25]} 32. Qe2 {[%emt 0:02:47]} Rf7 {[%emt 0:01:17]} 33. Rb1 {[%emt 0:02:06]} Ng6 {[%emt 0:01:18]} 34. Qe4 {[%emt 0:00:30]} Bf5 {[%emt 0:00:50]} 35. Qe8+ {[%emt 0:00:13]} Rf8 {[%emt 0:00:03]} 36. Qa4 {[%emt 0:00:06]} g3 {[%emt 0:02:07]} 37. fxg3 {[%emt 0:00:41]} Bd4+ {[%emt 0:00:11]} 38. Kf1 {[%emt 0:00:29]} Bxc2 {[%emt 0:00:25]} 39. Qxc2 {[%emt 0:01:07]} fxg3+ {[%emt 0:00:04]} 40. Nf3 {[%emt 0:00:40]} Rxf3+ {[%emt 0:30:08]} 41. gxf3 {[%emt 0:30:17]} Qxf3+ {[%emt 0:00:05] Qd3} 0-1

[Event "WSCC 65 Open 2017"]
[Site "?"]
[Date "2017.11.14"]
[Round "7"]
[White "Vaisser, Anatoly"]
[Black "Jansa, Vlastimil"]
[Result "1/2-1/2"]
[WhiteElo "2503"]
[BlackElo "2425"]
[Annotator "TA"]
[PlyCount "92"]
[EventDate "2017.??.??"]
[EventType "swiss"]
[EventCountry "ITA"]
[SourceTitle "Acqui Terme"]

{[%evp 20,92,45,37,33,44,54,31,27,2,47,55,70,47,59,45,63,60,46,43,72,35,37,32,36,29,57,57,55,38,58,45,90,95,94,94,94,95,101,102,141,47,40,15,30,0,0,0,0,0,0,0,0,0,0,0,0,0,0,0,0,0,0,0,0,0,0,0,0,0,0,0,8,8,8]} 1. d4 Nf6 2. c4 g6 3. Nc3 d5 4. Nf3 Bg7 5. cxd5 Nxd5 6. e3 O-O 7. Bc4 Nxc3 8. bxc3 c5 9. O-O Qc7 10. Qe2 Nd7 {D94: Grünfeld: 4 Nf3 Bg7 5 e3} 11. e4 {LiveBook: 3 Games} b6 12. e5 $146 ({Predecessor:} 12. Bg5 e6 13. Rac1 Bb7 14. Qe3 Nf6 15. e5 Nd5 16. Qd2 Rac8 17. Rfd1 Qd7 18. h4 {0-1 (40) Marusenko,P (2320)-Neverov,V (2571) Hastings 2008}) 12... e6 {White is slightly better.} 13. Bg5 Bb7 14. Nd2 f6 (14... Nb8 {seems wilder.} 15. Rac1 cxd4 16. cxd4 Nc6 17. Qe3 Qd7) 15. Bxe6+ Kh8 16. Bxd7 Qxd7 17. exf6 Bxf6 18. Bxf6+ Rxf6 19. Qe5 Raf8 20. Rfe1 Kg8 {[#] aiming for ...Bxg2!} 21. f3 cxd4 22. cxd4 Rd6 23. Rac1 Rf5 24. Qg3 Rf8 25. h4 Re6 26. Rxe6 Qxe6 27. Qe5 Qxe5 28. dxe5 $16 {[%mdl 4096] Endgame KRB-KRN} Rd8 29. Nf1 Rd7 30. Re1 (30. Ne3 $16) 30... Kf8 31. Re2 Ke7 32. Rd2 Rxd2 {The position is equal.} 33. Nxd2 $11 {KB-KN} Ke6 34. f4 Bd5 35. a3 b5 36. g4 a5 37. Kf2 {White wants to play Ke3.} h5 38. gxh5 gxh5 39. Ke3 {Ne4 is the strong threat.} Kf5 40. Kd4 Bg8 41. Ne4 Kxf4 42. Nf6 Bf7 43. e6 Bxe6 44. Nxh5+ Kg4 45. Nf6+ Kxh4 46. Kc5 {[#]} b4 $1 {[%mdl 512] Precision: White = 64%, Black = 66%.} 1/2-1/2

[Event "WSCC 65 Open 2017"]
[Site "?"]
[Date "2017.11.14"]
[Round "7"]
[White "Torre, Eugenio"]
[Black "Gutkin, Boris"]
[Result "1-0"]
[WhiteElo "2465"]
[BlackElo "2250"]
[Annotator "TA"]
[PlyCount "124"]
[EventDate "2017.??.??"]
[EventType "swiss"]
[EventCountry "ITA"]
[SourceTitle "Acqui Terme"]

{[%evp 16,124,19,12,55,37,44,29,48,36,71,70,116,114,170,104,144,102,106,72,74,35,40,43,29,-38,-39,-54,0,0,48,47,60,38,60,60,60,60,60,60,60,60,87,73,83,73,94,77,77,85,87,43,112,13,66,66,65,66,66,66,66,-63,147,45,60,33,181,186,242,232,241,203,425,408,446,436,703,674,614,596,1327,1096,1169,1311,1073,893,645,225,224,231,224,213,202,102,102,102,102,102,102,102,102,102,180,143,12837,12838,12839,12837,12840,12840,1769]} 1. d4 Nf6 2. Bg5 e6 3. e4 h6 4. Bxf6 Qxf6 5. c3 g6 (5... e5 6. dxe5 Qxe5 7. Bd3 Bc5 8. Ne2 O-O 9. O-O d6 10. Kh1 Nd7 11. f4 Qh5 12. Nd2 Nf6 13. Nf3 {1-0 (48) Fier,A (2573)-Zubov,A (2623) Bastia 2017}) 6. Bd3 {A45: Trompowsky Attack} Bg7 7. Ne2 Qe7 8. O-O d6 9. f4 {LiveBook: 10 Games} f5 10. Ng3 O-O 11. Qb3 $146 {Black must now prevent exf5.} ({Predecessor:} 11. Nd2 Kh8 12. Qe2 Qf6 13. Rae1 a6 14. Rf2 {1-0 (43) Rasgido,A (1984)-Ucha,L (1908) Buenos Aires 2017}) 11... Kh8 12. Nd2 {[%cal Bb1d2,Bd2f3,Bf3e5][%mdl 32]} c6 13. Rae1 {Hoping for exf5.} Qc7 14. Nf3 {Strongly threatening Nh4.} d5 (14... Bf6 $16 {was called for.} 15. e5 dxe5) 15. exf5 (15. Ne5 $18 Bxe5 16. fxe5) 15... exf5 $16 16. Ne5 Qd6 17. h4 {h5 is the strong threat.} h5 18. Nh1 (18. Qd1 {feels hotter.} Kg8 19. Rf3 Nd7 20. Ne2 Rd8 21. Rg3) 18... Nd7 19. Nf2 Nxe5 20. fxe5 (20. dxe5 $11 Qe7 21. g3) 20... Qe7 $15 21. Nh3 Bh6 (21... Qxh4 $15 22. Nf4 Kh7) 22. Nf4 $11 Bxf4 (22... Rg8 {keeps more tension.} 23. g3 Bxf4 24. Rxf4 g5 25. Rf3 gxh4 26. Qc2 Rxg3+ 27. Rxg3 hxg3 28. Qd2 Kg7) 23. Rxf4 Be6 24. Qb4 (24. g3 {is interesting.} Rfc8 25. a4 Rcb8 26. Kg2 Kg7 27. Ra1) 24... Rf7 25. Qxe7 Rxe7 26. Kf2 Kg7 27. Rf3 Rf8 28. Ke3 Kh6 29. Kf4 Rg7 30. Rg3 Rc8 31. a3 {[%cal Ba2a3,Ba3a4][%mdl 32]} a5 32. a4 b6 33. b4 Ra7 (33... axb4 $14 34. cxb4 c5) 34. Bc2 (34. Rb1 $16) 34... b5 (34... c5 $1 $11 35. dxc5 axb4 36. cxb4 (36. cxb6 Rb7 $17) 36... bxc5) 35. Ra1 $14 Rca8 36. axb5 cxb5 37. bxa5 Rxa5 38. Rb1 ({Better is} 38. Rxa5 $14 Rxa5 39. Bd3) 38... Rc8 $2 {[#]} (38... Ra2 $15 {stays ahead.} 39. Bd1 Rd2) 39. Rb3 (39. Bd1 $1 $16) 39... Ra2 40. Bd3 (40. Bb1 $5 {[%cal Rb1a2]} Rf2+ 41. Ke3 $14) 40... Bd7 (40... Rca8 $14) 41. Bxb5 $18 Bxb5 (41... Be6 $142 42. Bf1 Rc6) 42. Rxb5 {[%mdl 4096] Endgame KRR-KRR} Rf2+ 43. Ke3 Rc2 $2 (43... Rf1 44. Rc5 (44. Rxd5 Rxc3+ 45. Ke2 Rcc1 $14) 44... f4+ 45. Ke2 fxg3 46. Kxf1 (46. Rxc8 Rf2+ 47. Ke3 Rxg2 $18) 46... Rf8+ 47. Ke2 g5) 44. Rxd5 R8xc3+ 45. Kf4 Rc6 (45... Rxg3 $142 46. Kxg3 Re2) 46. Rd6 Rf2+ 47. Ke3 Rxd6 48. exd6 {KR-KR} Ra2 49. Kf4 {Threatens to win with d7.} Ra5 50. Re3 Rd5 51. Re6 $2 (51. Re7) 51... Kg7 52. Kg5 f4+ 53. Kxf4 {White wants to mate with Ke4.} Kf7 54. Re4 ({White should try} 54. Re3 $18) 54... Kf6 $16 55. Ke3 Rxd6 56. Kd3 Rd8 57. Re3 Kf5 {[#]} 58. Rg3 $1 Rd6 (58... Ra8 $16 {was necessary.} 59. Rf3+ Ke6) 59. Rg5+ $18 Kf4 $2 {[%mdl 8192]} (59... Kf6 $16 60. Kc4 Re6) 60. d5 {White is clearly winning.} Ra6 61. g3+ Kf3 62. Kd4 Ra5 {Precision: White = 52%, Black = 36%.} 1-0

[Event "WSCC 65 Open 2017"]
[Site "?"]
[Date "2017.11.14"]
[Round "7"]
[White "Tarjan, James"]
[Black "Harestad, Thor Geir"]
[Result "1-0"]
[WhiteElo "2449"]
[BlackElo "2205"]
[Annotator "TA"]
[PlyCount "119"]
[EventDate "2017.??.??"]
[EventType "swiss"]
[EventCountry "ITA"]
[SourceTitle "Acqui Terme"]

{[%evp 25,119,42,56,52,54,43,52,59,75,78,77,72,80,63,91,86,89,65,108,95,96,44,52,46,68,53,84,84,108,99,109,104,125,69,119,111,158,141,155,151,147,95,222,214,238,228,328,333,347,359,361,365,359,346,343,318,310,245,260,250,256,230,247,256,250,208,513,506,508,512,512,512,515,495,500,475,649,654,637,573,537,544,651,628,1021,939,1838,1779,29974,29948,2846,1002,29990,29991,29992,29993]} 1. c4 c5 2. g3 g6 3. Bg2 Bg7 4. Nc3 d6 5. Nf3 Nc6 6. O-O Nf6 7. d4 cxd4 8. Nxd4 Nxd4 9. Qxd4 O-O 10. Qd3 a6 11. Bd2 Rb8 12. Rac1 Be6 13. b3 Nd7 {LiveBook: 12 Games. A39: Symmetrical English vs ...g6: 4 Bg2 Bg7 5 Nf3 Nf6 6 0-0 0-0 7 d4} (13... Qd7 14. a4 Bh3 15. e4 Bxg2 16. Kxg2 Rfe8 17. Rfd1 Qc6 18. Nd5 Nd7 19. f3 Nc5 20. Qc2 e6 21. Nb4 {0-1 (41) Ragger,M (2563)-Macieja,B (2612) Kallithea 2009}) 14. Nd5 Ne5 15. Qe3 Nc6 {White is slightly better.} 16. Rfd1 Re8 $146 ({Predecessor:} 16... Bd4 17. Qf4 Be5 18. Qe3 Bd4 19. Qd3 {1-0 (56) Meyer,P (2300)-Raabe,J (1865) Passau 1997}) 17. Bc3 Bxc3 18. Rxc3 Qa5 19. Qd2 Bxd5 20. cxd5 Ne5 21. Bh3 {[#] f4 is the strong threat.} Rbd8 22. Kg2 {Strongly threatening f4.} Qb6 23. Qd4 (23. Rc2 $16) 23... Qxd4 $14 24. Rxd4 f5 25. f4 $36 {[%mdl 2048] White has good play.} Nf7 26. e4 Nh6 27. Kf3 b5 28. Rd2 a5 29. Bf1 (29. exf5 $16 Nxf5 30. Rc7) 29... Rb8 30. Rc7 Kf8 31. exf5 Nxf5 32. g4 Ng7 33. h3 (33. Rdc2 $142) 33... h5 (33... Rec8 $16 34. Rxc8+ Rxc8) 34. Bd3 $18 hxg4+ 35. hxg4 {aiming for Rh2.} Kf7 (35... Rec8 $142) 36. Re2 a4 37. b4 Kf6 38. a3 Kf7 39. Kg3 Kf6 40. Rh2 Rec8 41. Rhc2 Rxc7 42. Rxc7 {[%mdl 4096] Endgame KRB-KRN} Ne8 43. g5+ Kf7 44. Rc3 Rb7 45. Rc8 Ng7 $2 (45... Rc7 46. Bxg6+ Kxg6 47. Rxe8 Kf5) 46. Kg4 e6 47. dxe6+ Nxe6 48. Rc6 Rd7 49. Bxb5 Nd4 50. Bc4+ d5 51. Rf6+ Ke7 52. Bd3 Rc7 53. Bxg6 Rc3 54. Ra6 Rxa3 55. f5 Nf3 56. f6+ Kd7 57. Bf5+ Kc7 58. Kf4 (58. g6 $142 Ne5+ 59. Kf4) 58... Kb7 {[#]} 59. f7 $1 {[%mdl 512]} Nd4 60. f8=Q {Precision: White = 68%, Black = 40%.} 1-0

[Event "WSCC 65 Open 2017"]
[Site "?"]
[Date "2017.11.14"]
[Round "7"]
[White "Balashov, Yuri S"]
[Black "Shevelev, Arkady"]
[Result "1/2-1/2"]
[WhiteElo "2437"]
[BlackElo "2280"]
[Annotator "TA"]
[PlyCount "38"]
[EventDate "2017.??.??"]
[EventType "swiss"]
[EventCountry "ITA"]
[SourceTitle "Acqui Terme"]

{[%evp 24,38,-8,-8,-8,-16,0,-30,-23,-31,-31,-36,0,0,0,0,4]} 1. e4 c6 2. Nc3 g6 3. d4 d5 4. Nf3 Bg7 5. h3 Nf6 6. Bd3 dxe4 7. Nxe4 Nxe4 8. Bxe4 c5 9. dxc5 Nd7 10. c3 Qc7 11. O-O Nxc5 12. Bc2 O-O 13. Re1 b6 {B15: Caro-Kann: 3 Nc3: 3...g6 and 3...dxe4 4 Nxe4 Nf6 5 Nxf6+ exf6} 14. Qe2 {[#]} e6 $146 ({Predecessor:} 14... Re8 15. Bg5 e5 16. Nd4 Bb7 17. Nb3 Ne6 18. Bd2 a5 {0-1 (45) Juvan,J (1889)-Beliavsky,A (2589) Maribor 2017}) 15. Ne5 {With the idea Bf4.} Ba6 {Black has an edge.} 16. Qe3 Rad8 17. Qf4 Bxe5 18. Qxe5 Qxe5 19. Rxe5 Nd3 1/2-1/2

[Event "WSCC 65 Open 2017"]
[Site "?"]
[Date "2017.11.14"]
[Round "7"]
[White "Bogdanov, Valentin"]
[Black "Malisov, Boris"]
[Result "0-1"]
[WhiteElo "2381"]
[BlackElo "2240"]
[PlyCount "136"]
[EventDate "2017.??.??"]
[EventType "swiss"]
[EventCountry "ITA"]
[SourceTitle "Acqui Terme"]
[TimeControl "40/5400+30:1800+30"]

1. d4 d5 2. c4 c6 3. Nc3 Nf6 4. Nf3 g6 5. cxd5 cxd5 6. Bf4 Bg7 7. e3 O-O 8. Be2 Nc6 9. Ne5 Qb6 10. Nxc6 bxc6 11. Qd2 a5 12. Na4 Qb4 13. Nc5 Nd7 14. Nxd7 Bxd7 15. a3 Qb6 16. O-O Rfe8 17. b4 Bf8 18. bxa5 Qxa5 19. Qxa5 Rxa5 20. Bc7 Ra7 21. Bb6 Rb7 22. Bc5 e5 23. Ba6 Rb2 24. Rfb1 Rxb1+ 25. Rxb1 exd4 26. Bxf8 Kxf8 27. exd4 Ke7 28. a4 Kd6 29. a5 Ra8 30. Rb6 Bc8 31. Bxc8 Rxc8 32. a6 Rc7 33. Rb1 Ra7 34. Ra1 Kc7 35. Kf1 Kb6 36. Rb1+ Kxa6 37. Ke2 Rb7 38. Ra1+ Kb6 39. Kd3 Kc7 40. Kc3 Kd6 41. h4 h5 42. f3 f6 43. Ra8 Ke6 44. Rg8 Kf5 45. g4+ hxg4 46. fxg4+ Kxg4 47. Rxg6+ Kf5 48. Rg1 Rh7 49. Rf1+ Ke6 50. Re1+ Kd6 51. Rf1 Rh6 52. Kd3 Ke6 53. Rf4 Rh5 54. Ke3 f5 55. Kd3 Rh8 56. Ke3 Kf6 57. Kf3 Re8 58. Kf2 Rc8 59. Ke3 c5 60. dxc5 Rxc5 61. Kd3 Ra5 62. Rf1 Ra4 63. Rh1 Kg6 64. h5+ Kh6 65. Ke3 Re4+ 66. Kf3 d4 67. Rh2 d3 68. Rh1 d2 0-1